The Dominie's Class

Đã lưu trong:
Chi tiết về thư mục
Tác giả chính: Wilson, John Mackay (Tác giả)
Định dạng: Sách
Ngôn ngữ:Tiếng Anh
Được phát hành: Londres Walter Scott, 24 Warwick Lane 1888
Phiên bản:2a. ed
Loạt:Wilson's Tales of the borders, and of Scotland. Historical, traditionary, and imaginative, 11
Những chủ đề:
Các nhãn: Thêm thẻ
Không có thẻ, Là người đầu tiên thẻ bản ghi này!

MARC

LEADER 00000nam a2200000 a 4500
001 UCJ8005
003 CL-VaPUC
008 070124e18880000UK |||||||||||||||||eng|d
082 0 4 |a 823  |b WIL  |2 21 
100 0 |a Wilson, John Mackay  |e author  |9 516582 
245 1 4 |a The Dominie's Class 
246 1 4 |a The Contrast of wives 
246 1 4 |a The Social man 
246 1 4 |a The two comrades 
246 1 4 |a The Surtout 
246 1 4 |a The Suicide 
246 1 4 |a The Ghost of Howdycraigs 
246 1 4 |a The Ghost of Gairyburn 
246 1 4 |a The Smuggler 
246 1 4 |a The School fellow 
246 1 4 |a The Red hall 
250 |a 2a. ed 
300 |a 284 p 
942 |c BK 
945 |d 20070124 00:00:00  |a rinostro 
260 |a Londres  |b Walter Scott, 24 Warwick Lane  |c 1888 
650 7 |a NOVELA INGLESA  |2 CL-VaPUC  |9 309260 
583 |a last modification  |c 20070124 00:00:00  |k Rodrigo Vera 
490 0 |a Wilson's Tales of the borders, and of Scotland. Historical, traditionary, and imaginative, 11 
999 |c 323865  |d 323863 
952 |0 0  |1 0  |4 0  |6 823_000000000000000_WIL_1888  |7 0  |8 X  |9 403686  |a FDOBUD  |b FDOBUD  |d 2019-11-22  |i 1071335  |o 823 WIL 1888  |p 1071335  |r 2019-11-22  |w 2019-11-22  |y BK_X  |k BUD